| 000 | 00622nam a22002057i 4500 | ||
|---|---|---|---|
| 001 | 3300 | ||
| 003 | OSt | ||
| 005 | 20170126082317.0 | ||
| 007 | tu | ||
| 008 | 161220s1996 xxu||||| |||| 00| 0 d | ||
| 024 | 7 |
_a3299 _2RID |
|
| 040 | _cOSt | ||
| 084 |
_a21.02 _2z |
||
| 100 | 1 | _aKolk, Ans | |
| 245 | 0 | 0 | _aInternational Environmental Assistance to Central and Eastern Europe: Trends and Characteristics |
| 260 |
_aAmsterdam : _bDepartment of International Relations.. (University of Amsterdam), _c1996. |
||
| 300 |
_a21 S. ; _c30cm. |
||
| 490 |
_aAmsterdam International Studies. Working Paper _v45 |
||
| 700 | 1 | _aVan, der Weij Ewout | |
| 942 | _cB | ||
| 999 |
_c3252 _d3252 |
||